Catholic University of Zimbabwe Library
Online Public Access Catalogue
(OPAC)

Britain 1992 : (Record no. 1202)

MARC details
000 -LEADER
fixed length control field 00517nam a22001932 4500
001 - CONTROL NUMBER
control field 0000001285
005 - DATE AND TIME OF LATEST TRANSACTION
control field 20170406113321.0
008 - FIXED-LENGTH DATA ELEMENTS--GENERAL INFORMATION
fixed length control field 131216s xx 000 0 eng d
020 ## - INTERNATIONAL STANDARD BOOK NUMBER
International Standard Book Number 0117016381 :
Terms of availability $
040 ## - CATALOGING SOURCE
Original cataloging agency Your Holding Symbol
Transcribing agency Your Holding Symbol
245 10 - TITLE STATEMENT
Title Britain 1992 :
Remainder of title an official handbook.
250 ## - EDITION STATEMENT
Edition statement ed.
260 ## - PUBLICATION, DISTRIBUTION, ETC.
Place of publication, distribution, etc. London :
Name of publisher, distributor, etc. HMSO.
300 ## - PHYSICAL DESCRIPTION
Extent ix, 468 p. ;
Dimensions cm.
504 ## - BIBLIOGRAPHY, ETC. NOTE
Bibliography, etc. note Includes index.
591 ## -
-- 2003
-- Donation
651 #0 - SUBJECT ADDED ENTRY--GEOGRAPHIC NAME
Geographic name Britain.
908 ## - PUT COMMAND PARAMETER (RLIN)
Put command parameter 131216
Holdings
Withdrawn status Lost status Source of classification or shelving scheme Damaged status Not for loan Home library Current library Shelving location Date acquired Total Checkouts Full call number Barcode Date last seen Copy number Price effective from Koha item type
          CUZ Harare Campus CUZ Harare Campus Open Shelf 06.04.2017   DA 13 C387 BK0001516 22.05.2025 CU1663 06.04.2017 OS Book

OPENING HOURS

Weekdays: 0815hrs - 1800hrs
Weekends:0900hrs - 1200hrs

Closed for Mass:

Mon, Thur: 1200hrs - 1300hrs
Sunday & Public Holiday’s

CALL SUPPORT

0242-570570, 0242-570169
09200664, +263 8644140602

LOCATION

18443, Cranborne Avenue, Hatfield, Harare

Other Links


©2021 | CUZ Library